Adolescentes y alcohol : recomendaciones para padres y educadores /

Obra que denuncia la graveda del problema del alcoholismo entre los jóvenes españoles; sostiene el autor que el alcohol está tan enraizado en la vida social, que se bebe con cualquier motivo y como medio de afirmación personal. Tras detallar las características del fénomeno en España, el autor aport...

Fuld beskrivelse

Guardado en:
Bibliografiske detaljer
Hovedforfatter: Cánovas, Guillermo (autor)
Format: Bog
Sprog:spansk
Udgivet: Bilbao, España : Mensajero, 1994
Fag:
Tags: Tilføj Tag
Ingen Tags, Vær først til at tagge denne postø!

MARC

LEADER 00000nam^a2200000^a^4500
001 000042843
005 20250521000000.0
009 20260526114922.807
020 |a 84-271-1921-6 
037 |a Acervo ITESO - Biblioteca 
041 |a ESP 
082 |a 157. 61  |b CAN 
100 |a Cánovas, Guillermo  |e (autor) 
245 1 0 |a Adolescentes y alcohol : recomendaciones para padres y educadores /  |c G. Cánovas. 
264 1 |a Bilbao, España :  |b Mensajero,  |c 1994 
300 |a 167 p. 
336 |a texto  |b txt  |2 rdacontenido 
337 |a sin mediación  |b n  |2 rdamedio 
338 |a volumen  |b nc  |2 rdasoporte 
520 |a Obra que denuncia la graveda del problema del alcoholismo entre los jóvenes españoles; sostiene el autor que el alcohol está tan enraizado en la vida social, que se bebe con cualquier motivo y como medio de afirmación personal. Tras detallar las características del fénomeno en España, el autor aporta elementos que permitan poner en práctica métodos preventivos desde la familia misma. 
649 |a XX 
650 |a Psicología Clínica 
650 |a Adicciones 
650 |a Sociología 
650 |a Alcoholismo 
650 |a Alcoholismo 
650 |a Psicopatología 
910 |a Fondo General 
920 |a Impresos - Libros 
930 |a Colección General 
905 |a 101 
901 |a 0428430100  |b IT1  |c ACC  |i 042843  |u 20250521 
902 |a https://opac.biblio.iteso.mx/vufind/Record/000042843